| 000 | 00345nam a2200133Ia 4500 | ||
|---|---|---|---|
| 008 | 240624s9999 xx 000 0 und d | ||
| 041 | _aeng | ||
| 082 | _a338.092 FAR | ||
| 100 | _aFARBER DAVID | ||
| 245 | _aEVERYBODY OUGHT TO BE RICH THE LIFE AND | ||
| 260 |
_c2013 _aNew Delhi _bOxford |
||
| 300 | _axii, : 361 : p. : cm. ; 23 | ||
| 365 |
_c _b38 |
||
| 999 |
_c28238 _d28238 |
||